00843nam a22001937a 45000010009000000050017000090080041000260200035000670400023001020500016001251110109001412450121002502600063003713000024004345040041004586500073004996500054005727000023006261193728820231212124353.0231212b |||||||| |||| 00| 0 eng d a0821821377 (pbk. : alk. paper) aDLCcKMUdKMUerda00aQA 13.C65232 aConference on Summer Undergraduate Mathematics Research Programsd(1999 :cCrystal City, Arlington, Va.)10aProceedings of the Conference on Summer Undergraduate Mathematics Research Programs /cEdited by Gallian, Joseph A.  aProvidence, R.I. :bAmerican Mathematical Society,cc2000. ax, 378 p. ;c26 cm. aIncludes bibliographical references. 0aMathematicsxStudy and teaching (Higher)zUnited StatesvCongresses. 0aMathematicsxResearchzUnited StatesvCongresses.1 aGallian, Joseph A.